000 00780nam a22002537a 4500
999 _c523940
_d523940
003 NUST
005 20190612111732.0
008 190612b ||||| |||| 00| 0 eng d
020 _a1233456987 (Hbk)
_cRs. 560
038 _aArshad
040 _aNUST
041 _aSaraiki
082 _a922
_bABD
100 _aAbdul Baqi
_914766
245 _aYad gar -e- Sabir /
_cAbdul Baqi
260 _aMultan:
_bSaraiki adabi board,
_c2014.
300 _a303 p.
504 _aInclude bibliography.
650 _aBiography --Muhammad Khair ud Din Sabir Multani
_914767
880 _6100-01\r
_aعبد الباقی
880 _6245-02\r
_aیاد گار صابر /
_cعبد الباقی
880 _6260-03\r
_aملتان:
_bسرائیکی ادبی بورڈ،
_c2014
942 _2ddc
_cBK